| 000 | 00658nam a22001937a 4500 | ||
|---|---|---|---|
| 003 | Nust | ||
| 005 | 20241029121059.0 | ||
| 008 | 170216b xxu||||| |||| 00| 0 eng d | ||
| 040 | _cNust-MCE | ||
| 082 |
_a200 _bCEM |
||
| 100 |
_aHanif Hashim _9126575 |
||
| 245 |
_aCauses and Impacts of Variation Orders in Construction of Hydropower Projects of Pakistan/ _cHashim Hanif |
||
| 260 |
_aRisalpur Cantt _bMCE _cc2014 |
||
| 300 | _aP 103 | ||
| 650 |
_aMS-Construction Engineering and Management _9126573 |
||
| 700 |
_aSupervisor. Muhammad Bilal Khurshid, Lt Col _9126576 |
||
| 856 | _u http://10.250.8.41:8080/xmlui/handle/123456789/11782 | ||
| 942 |
_cSC _2ddc |
||
| 999 |
_c230060 _d230060 |
||